|
|
|
|
| LEADER |
00864cam a2200217 u 4500 |
| 001 |
10078823 |
| 003 |
GR-PaULI |
| 005 |
20210128105433.0 |
| 008 |
090914s1996 gr f p gre |
| 952 |
|
|
|0 0
|1 0
|2 ddc
|4 0
|6 889_134000000000000_ΤΣΙ
|7 0
|9 322822
|a LISP
|b LISP
|c DON
|d 2021-01-28
|e ΓΑΛ
|i 145157
|l 0
|o 889.134 ΤΣΙ
|p 025000271379
|r 2021-01-28 00:00:00
|t 1
|w 2021-01-28
|y BKN
|
| 999 |
|
|
|c 181458
|d 181458
|
| 020 |
|
|
|a 9600316643
|
| 040 |
|
|
|a GR-PaULI
|c GR-PaULI
|b gre
|e AACR2
|
| 082 |
0 |
4 |
|a 889.134
|2 23
|
| 100 |
1 |
|
|a Τσιάμης, Χρήστος,
|d 1950-
|9 119028
|e συγγραφέας.
|
| 245 |
1 |
0 |
|a Κήπος με ρίζες στο φεγγάρι :
|b (μια ιστορία) /
|c Χρήστος Τσιάμης.
|
| 260 |
|
|
|a Αθήνα :
|b Καστανιώτης,
|c 1996.
|
| 300 |
|
|
|a 70 σ. ;
|c 21 εκ.
|
| 655 |
|
4 |
|a Ποίηση
|
| 942 |
|
|
|2 ddc
|c BKN
|
| 998 |
|
|
|c ELIDOC
|d 2009-09
|